Mistrzowie świata w snookerze - nagła śmierć - Statystyki

Ogólne statystyki
  • Ten quiz został rozwiązany 121 razy
  • Średni wynik to 10 z 23
Answers on the Grid
Answers color-coded by a green-red scale on the quiz's grid according to % correct below.
Kyren Wilson
Mark Allen
Luca Brecel
Ding Junhui
Ronnie O'Sullivan
Barry Hawkins
Mark Selby
Ali Carter
Judd Trump
Jack Lisowski
Mark Williams
Matthew Stevens
Stuart Bingham
Jimmy White
John Higgins
Stephen Maguire
Neil Robertson
Paul Hunter
Graeme Dott
Shaun Murphy
Peter Ebdon
Marco Fu
Stephen Hendry
John Parrott
Ken Doherty
Yan Bingtao
Ryan Day
David Gilbert
Steve Davis
Joe Perry
Joe Johnson
Dennis Taylor
Alan McManus
Alex Higgins
James Wattana
Cliff Thorburn
Jak Jones
Terry Griffiths
Ray Reardon
John Spencer
 
Statystyki odpowiedzi
Odpowiedź % Poprawnych
Ronnie O'Sullivan
76%
Judd Trump
68%
Mark Selby
66%
Mark Williams
63%
John Higgins
61%
Neil Robertson
58%
Stephen Hendry
54%
Luca Brecel
51%
Shaun Murphy
49%
Alex Higgins
47%
Steve Davis
46%
Kyren Wilson
45%
Graeme Dott
43%
Stuart Bingham
42%
Peter Ebdon
39%
Ken Doherty
36%
Dennis Taylor
32%
Cliff Thorburn
30%
John Parrott
29%
Ray Reardon
28%
John Spencer
26%
Terry Griffiths
26%
Joe Johnson
24%
Nie znaleziono quizów pasujących do podanych kryteriów
Rozkład punktacji
Procent ludzi z każdym wynikiem
Percentyl według liczby udzielonych odpowiedzi
Twoja historia wyników
Nie rozwiązałeś tego quizu